Текст томруулах:    
The origins of the Second World War in Asia and the Pacific (Бичлэгийн дугаар. 146415)
000 -УДИРДЛАГА
Удирдлага 00967nam a22002777a 4500
003 - ХЯНАЛТЫН ТОО ТОДОРХОЙЛОГЧ
Код MN-UlNUM
005 - БИЧИЛТ ХИЙСЭН ОГНОО
Тухайн бичилтийг бичсэн засварласан сүүлийн огноо 20260310183430.0
008 - ЕРӨНХИЙ МЭДЭЭЛЭЛ
Ерөнхий мэдээлэл 260310s1987 enkb b 001 0 eng
020 ## - ISBN
ISBN 0582493498
-- 0582493490
040 ## - БИЧЛЭГ ҮҮСГЭГЧ БАЙГУУЛЛАГА
Бичлэг үүсгэгч номын сангийн код МУИС-ийн номын сан
084 ## - ББК АНГИЛАЛ
Нэмэлт тусгалт Нэг сэдэвт бүтээл
ББК ангилал 63.3(2)62
Зохиогчийн гурван тэмдэгт I-84
Мэдлэгийн ялгаа 63 - Түүх
100 ## - ЗОХИОГЧ
Зохиогчийн нэр Iriye, Akira
245 ## - ҮНДСЭН ГАРЧИГ
Номын нэр The origins of the Second World War in Asia and the Pacific
260 ## - ГАРАЛТЫН МЭДЭЭ
Хэвлэгдсэн газар London
Хэвлэлийн газар Longman
Хэвлэгдсэн он 1987
300 ## - МАТЕРИАЛЫН ТОДОРХОЙЛОЛТ
хуудасны тоо xi, 202 p. :
Бусад тоон мэдээлэл maps ;
Хэмжээ 22 cm
500 ## - Тайлбар
Дансны дугаар БС 4440
505 ## - Агуулгын тэмдэглэгээ
Агуулгын тэмдэглэгээ Professor Iriye analyses the origins of the 1941 conflict against the background of international relations in the preceding decade in order to answer the key question: Why did Japan decide to go to war against so formidable a combination of powers?
546 ## - ХЭЛНИЙ ТУХАЙ МЭДЭЭ
Хэл Англи хэл дээр,
653 ## - Түлхүүр үг
Түлхүүр үг diplomatic history
653 ## - Түлхүүр үг
Түлхүүр үг pacific area
653 ## - Түлхүүр үг
Түлхүүр үг asia
653 ## - Түлхүүр үг
Түлхүүр үг world war
942 ## - ЭЛЕМЕНТИЙН ТӨРӨЛ
Зүйлийн төрөл Ном